Spices by Picture - Statistics

General Stats
  • This quiz has been taken 162 times
  • The average score is 11 of 16
Answer Stats
Picture Answer % Correct
Garlic
96%
Cinnamon
93%
Ginger
93%
Black Pepper
92%
Saffron
87%
Basil
85%
Nutmeg
83%
Cloves
76%
Bay Leaf
74%
Oregano
70%
Turmeric
60%
Cumin
48%
Coriander
47%
Chili
45%
Allspice
27%
Fenugreek
21%
No matching quizzes found
Score Distribution
Percent of People with Each Score
Percentile by Number Answered
Your Score History
You have not taken this quiz